[Event "Norway Chess 5th"]
[Site "Stavanger"]
[Date "2017.06.06"]
[Round "1"]
[White "Aronian, Levon"]
[Black "Caruana, Fabiano"]
[Result "1/2-1/2"]
[WhiteElo "2793"]
[BlackElo "2808"]
[Annotator "Krasenkow,M"]
[PlyCount "115"]
[EventDate "2017.06.06"]
[EventType "tourn"]
[EventRounds "9"]
[EventCountry "NOR"]
[EventCategory "22"]
[SourceTitle "CBM 179"]
[Source "ChessBase"]
[SourceDate "2017.07.12"]
[SourceVersion "1"]
[SourceVersionDate "2017.07.12"]
[SourceQuality "1"]

1. d4 d5 2. c4 dxc4 3. e3 Nf6 4. Bxc4 e6 5. Nf3 c5 6. O-O a6 7. b3 {This
apparently harmless continuation brings White good practical results. White
develops his pieces, ready for the opening of the centre (to ...cxd4 he will
recapture with a piece, of course).} Nbd7 (7... b5) (7... cxd4) ({and} 7... Nc6
{are more popular.}) 8. Bb2 b5 9. Be2 Bb7 {This classic arrangement of Black's
pieces is probably insufficient for equality in this line.} 10. a4 $1 b4 {
[%mdl 4] A positionally risky continuation. The c4-square will become White's
strong point.} ({However,} 10... bxa4 {has its drawbacks, too:} 11. Rxa4 Be7 (
11... cxd4 12. Nxd4 Nc5 13. Rc4 Bd5 14. Rc1 Qb6 15. Nc3 Bb7 16. b4 $1 $16 Qxb4
$140 17. Ncb5 $1) 12. Nbd2 O-O 13. Qa1 $1 Nb6 14. Ra5 cxd4 15. Bxd4 Bb4 16. Rg5
Nbd5 17. Ne4 Be7 18. Bd3 g6 19. Nc5 $14 {1/2 (34) Teske,H (2500)-Ivanov,J 
(2365) Regensburg 1997}) 11. Nbd2 Be7 12. Rc1 O-O 13. dxc5 Bxc5 (13... Nxc5 14.
Bxf6 $1 gxf6 15. Nd4 Rc8 16. Bf3 Nd3 (16... Bd5 17. Qe2 f5 18. Bxd5 Qxd5 {
0-1 (29) Matthias,H (2386)-Jonkman,H (2372) NRW 2000} 19. Rc4 $14) 17. Rc2 Bxf3
18. N2xf3 Nc5 19. Rc4 Qd5 20. Nd2 $14 {[%cal Yd1e2,Ye3e4]} (20. Rxb4 Ne4 21.
Rb6 Bd8 22. Rxa6 Qb7 23. Qe2 Nc3 24. Qd3 e5 25. Nf5 e4 26. Qd6 Ne2+ 27. Kh1
exf3 28. Nh6+ Kg7 29. Nf5+ Kg8 $11 {1/2 (31) Sharafiev,A (2415)-Geller,J (2474)
Sochi 2015})) 14. Ne5 (14. Ne1 Be7 15. Nd3 a5 16. Nc4 Rc8 17. Bd4 Nd5 18. Nde5
Nc5 19. Nd2 f6 20. Nec4 e5 $11 {1-0 (64) Palachev,P (2358)-Igonin,T (2498)
Moscow 2016}) 14... Rc8 15. Bf3 (15. Nxd7 Nxd7 16. Bf3 Bxf3 17. Qxf3 Be7 18.
Rxc8 Qxc8 19. Rc1 Qd8 20. Qe2 $5 (20. Ne4 f5 21. Qg3 e5 22. Nd2 {1/2 (22)
Akesson,R (2465)-Van Wely,L (2585) Antwerp 1995}) 20... Qa5 21. Qc4) 15... Nd5
{Black avoids the exchange of light-squared bishops in order not to lose
control of the c4-square completely.} 16. Nxd7 Qxd7 17. Nc4 Qe7 18. Qe2 Ba7 19.
g3 Bb8 20. Rfd1 $14 Rfd8 21. Bg2 Bc7 22. Qg4 f6 23. h4 ({White could have won
a pawn:} 23. e4 $5 Nc3 (23... Nb6 $2 24. Bxf6 $1 Qxf6 25. e5) 24. Bxc3 bxc3 25.
Rxc3 {, which is not easy to convert, though. Instead, he prefers to launch an
attack but fails to achieve success.}) 23... a5 24. Rd2 Ba6 25. Rdc2 Rb8 26. h5
Rd7 27. Qh4 Rf8 28. Bh3 Bb7 29. Bd4 Qf7 30. Rd2 h6 31. Qg4 Re8 32. Qg6 Red8 33.
Bg2 Ba6 34. Be4 Qxg6 35. hxg6 Ne7 36. Bc5 f5 37. Bxe7 Rxe7 38. Bf3 Rxd2 39.
Nxd2 Kf8 40. Rc5 Rd7 41. Nc4 Bxc4 42. Rxc4 Ke7 {Black has successfully
defended, and the game quietly reaches a draw.} 43. Rc6 Bd8 44. Be2 Rd6 45.
Rxd6 Kxd6 46. Bc4 e5 47. f4 Bb6 48. Kf2 exf4 49. gxf4 h5 50. Kf3 h4 51. Bf1 Ke6
52. e4 fxe4+ 53. Kxe4 Kf6 54. f5 Bd8 55. Bh3 Bb6 56. Bf1 Bd8 57. Bh3 Bb6 58.
Bf1 1/2-1/2

[Event "Norway Chess 5th"]
[Site "Stavanger"]
[Date "2017.06.14"]
[Round "7"]
[White "So, Wesley"]
[Black "Caruana, Fabiano"]
[Result "1/2-1/2"]
[WhiteElo "2812"]
[BlackElo "2808"]
[PlyCount "133"]
[EventDate "2017.06.06"]
[EventType "tourn"]
[EventRounds "9"]
[EventCountry "NOR"]
[EventCategory "22"]
[SourceTitle "CBM 179"]
[Source "ChessBase"]
[SourceDate "2017.07.12"]
[SourceVersion "1"]
[SourceVersionDate "2017.07.12"]
[SourceQuality "1"]

1. d4 d5 2. c4 dxc4 3. e3 Nf6 4. Bxc4 e6 5. Nf3 c5 6. O-O a6 7. dxc5 Bxc5 8.
Qxd8+ Kxd8 9. Be2 Ke7 10. Ne5 Nbd7 11. Nd3 Bd6 12. Nd2 b5 13. Nb3 Bb7 14. Na5
Bd5 15. Bd2 Rhc8 16. Rfc1 Ne5 17. Nb4 Nc4 18. Nxc4 bxc4 19. Nxd5+ exd5 20. Bc3
Rab8 21. Rc2 Bb4 22. Be5 Bd6 23. Bd4 Bc5 24. Bxf6+ Kxf6 25. Rd1 Rd8 26. Rcd2
Be7 27. Bf3 d4 28. exd4 Rb4 29. Rc2 Rdb8 30. Rdd2 Kg6 31. a3 R4b6 32. g3 Bg5
33. Re2 Bf6 34. Be4+ Kh6 35. Red2 Re8 36. Bd5 Rxb2 37. Bxf7 c3 38. Rxb2 Rd8 39.
Rdc2 cxb2 40. Rxb2 Bxd4 41. Rb4 g6 42. Ra4 Rd6 43. Kf1 Bb2 44. Ra5 Rc6 45. a4
Kg7 46. Bd5 Rc1+ 47. Kg2 Rc2 48. Be4 Rd2 49. Rxa6 Bd4 50. Rd6 Rxf2+ 51. Kh3 Be3
52. a5 Ra2 53. a6 Bg1 54. Kg4 Ra3 55. Rd1 Bc5 56. Rd7+ Kf6 57. Bd3 Bg1 58. h3
Ke6 59. Bb5 h5+ 60. Kf4 h4 61. gxh4 Rxa6 62. Rg7 Kf6 63. Rxg6+ Kxg6 64. h5+
Kxh5 65. Be2+ Kh4 66. Bxa6 Kxh3 67. Ke4 1/2-1/2

[Event "Paris GCT Rapid"]
[Site "Paris"]
[Date "2017.06.21"]
[Round "1"]
[White "Caruana, Fabiano"]
[Black "So, Wesley"]
[Result "0-1"]
[WhiteElo "2808"]
[BlackElo "2812"]
[Annotator "Yermolinsky,A"]
[PlyCount "98"]
[EventDate "2017.06.21"]
[EventType "tourn (rapid)"]
[EventRounds "9"]
[EventCountry "FRA"]
[EventCategory "22"]
[SourceTitle "CBM 179"]
[Source "ChessBase"]
[SourceDate "2017.07.12"]
[SourceVersion "1"]
[SourceVersionDate "2017.07.12"]
[SourceQuality "1"]

1. Nf3 d5 2. g3 g6 3. Bg2 Bg7 4. d4 Nf6 5. c4 c6 6. cxd5 cxd5 7. Nc3 Ne4 8. Qb3
Nxc3 9. bxc3 O-O 10. Nd2 e6 11. e4 Nc6 12. e5 b6 13. O-O Ba6 14. Re1 Rc8 15.
Qd1 Re8 16. a4 Na5 17. Re3 Qd7 18. h4 Nc4 19. Nxc4 Bxc4 20. h5 a5 21. Ba3 b5
22. Bd6 bxa4 23. Bf1 Bxf1 24. Kxf1 Rc4 25. Kg2 Bh6 26. Rf3 Rec8 27. Qd3 Bg5 28.
Rh1 Kg7 29. g4 {Critical moment.} Qb7 {A bit careless, but who would spot
White's idea?} (29... Rxc3 30. Qxc3 Rxc3 31. Rxc3 h6 {is safe for Black, but
most likely drawish.}) 30. hxg6 fxg6 31. Rf6 $3 {Fantastic concept.} Bxf6 (
31... Rxc3 32. Rxh7+) (31... Rg8 32. Qf3 h6 (32... Rcc8 33. Rf7+ Qxf7 34. Rxh7+
) 33. Rxe6 Rcc8 34. Rf6 {White looks winning here.}) 32. exf6+ Kg8 (32... Kxf6
33. Be5+ {will cost Black his queen.}) 33. Be7 $1 R4c7 (33... Rf8 $142 $16) 34.
Bd6 $2 {In time trouble Caruna slips up.} (34. f7+ $1 {was winning:} Kg7 (34...
Kxf7 35. Rxh7+) 35. Qe3 Rxe7 36. Qe5+ Kxf7 37. Rxh7+ Ke8 38. Qh8+ Kd7 39. Rxe7+
Kc6 40. Qg7 Rc7 41. Rxe6+ Kb5 42. Qxg6 Rxc3 43. Qb1+ Rb3 44. Qc2 {and White
should wrap it up soon.}) 34... Rxc3 35. Qe2 Qf7 36. g5 h5 $19 37. Qb5 e5 38.
Bxe5 Qe6 39. Rh4 Qf5 40. Qxd5+ Kh8 41. f7+ Kh7 42. Qb7 Qxg5+ 43. Bg3 {Seizing
his chance So finishes in style.} Rxg3+ $1 44. fxg3 Rc2+ 45. Kf3 (45. Kh3 Qf5+
46. g4 Qd3+) 45... Qf5+ 46. Ke3 Rc3+ 47. Ke2 Qd3+ 48. Ke1 Rc1+ 49. Kf2 Rc2+ 0-1

[Event "Paris GCT Rapid"]
[Site "Paris"]
[Date "2017.06.21"]
[Round "3"]
[White "Caruana, Fabiano"]
[Black "Nakamura, Hikaru"]
[Result "0-1"]
[WhiteElo "2808"]
[BlackElo "2785"]
[Annotator "Yermolinsky,A"]
[PlyCount "84"]
[EventDate "2017.06.21"]
[EventType "tourn (rapid)"]
[EventRounds "9"]
[EventCountry "FRA"]
[EventCategory "22"]
[SourceTitle "CBM 179"]
[Source "ChessBase"]
[SourceDate "2017.07.12"]
[SourceVersion "1"]
[SourceVersionDate "2017.07.12"]
[SourceQuality "1"]

1. Nf3 d5 2. g3 g6 3. Bg2 Bg7 4. d4 Nd7 {A slightly unusual move order.} 5. O-O
Ngf6 6. c4 dxc4 7. Na3 Nb6 8. Nxc4 (8. Ne5 $5 {Fressinet-Svane, 2016}) 8... O-O
$6 ({Black doesn't seem to be in bad shape after the knight trade:} 8... Nxc4
9. Qa4+ c6 ({not} 9... Bd7 10. Qxc4 Bc6 11. Ne5 $1) 10. Qxc4 Be6 11. Qc2 Bd5
$11) 9. Na5 $1 {A typical maneuever, one of Kramnik's favorites. The knight
will exert strong pressure on Black's queenside.} c6 10. b4 Nbd5 11. a3 c5 $5 {
Don't you love Rapid?} 12. dxc5 Ne4 13. Ng5 $1 ({I don't know how far the
players could see after} 13. Qc2 {but} Nxc5 {seems Black's best:} (13... Bxa1
14. Bh6 Bg7 15. Bxg7 Kxg7 16. Qxe4 Nf6 17. Qe5 $16) 14. Qxc5 (14. Bb2 Bxb2 15.
Qxb2 Na4 16. Qd2 Ndc3 17. Qe3 $14) 14... Bxa1 15. Bh6 Bf6 $1 16. Bxf8 b6 {etc.}
) 13... Nec3 (13... Bxa1 14. Nxe4 Bg7 15. Qb3 Nc7 16. Rd1) 14. Qc2 b6 15. Nc6
Qd7 16. e4 ({Very strong was} 16. b5 Nxb5 17. Bxd5 Bxa1 18. Rd1 Nd4 19. Qa2)
16... Ba6 17. exd5 Bxf1 18. Kxf1 Nxd5 19. Bxd5 Bxa1 20. Bb2 {This has the
looks of a miniature win by White.} e6 (20... Bxb2 21. Qxb2 Rae8 22. Nxf7 $18)
21. Bxa1 exd5 22. Ne5 Qe7 (22... Qf5 {staves off mate, but the ending after}
23. Qxf5 gxf5 24. Nd7 {looks totally hopeless.}) 23. Ng4 f6 24. Bd4 (24. c6
Rae8 25. Qd2 $18) 24... bxc5 25. bxc5 Kg7 26. h4 h5 27. Ne3 Rad8 {I can
symphatize with Caruana's time trouble here, but the three minutes he had left
should have been enough to put this game away.} 28. c6 ({More hands-on is to
play for mate:} 28. g4 Rh8 29. c6) (28. Ng2 Kh6 29. Nf4 Rg8 30. Nfe6 fxg5 31.
Nxg5 Rde8 32. Qd2) 28... Rd6 29. c7 $2 (29. g4 Qe8 30. Qb1 Rxc6 31. Qb7+) 29...
Rc8 30. Nf5+ gxf5 31. Qxf5 Qxc7 32. Qh7+ ({Even in case of the best move} 32.
Bxf6+ Rxf6 33. Qh7+ Kf8 34. Qh8+ Ke7 35. Qg7+ Ke8 36. Qxf6 Qc4+ 37. Kg1 d4 {
White can no longer win this game.}) 32... Kf8 33. Qh8+ Ke7 34. Qh7+ Ke8 35.
Qxh5+ Kd7 36. Nf3 Kc6 37. Qf5 Qd7 38. Qb1 Qg4 39. Kg2 Qe4 40. Qb2 Kd7 41. Bxf6
Rb6 42. Qd4 Rf8 0-1

[Event "Paris GCT Rapid"]
[Site "Paris"]
[Date "2017.06.22"]
[Round "5"]
[White "Caruana, Fabiano"]
[Black "Mamedyarov, Shakhriyar"]
[Result "0-1"]
[WhiteElo "2808"]
[BlackElo "2800"]
[Annotator "Yermolinsky,A"]
[PlyCount "64"]
[EventDate "2017.06.21"]
[EventType "tourn (rapid)"]
[EventRounds "9"]
[EventCountry "FRA"]
[EventCategory "22"]
[SourceTitle "CBM 179"]
[Source "ChessBase"]
[SourceDate "2017.07.12"]
[SourceVersion "1"]
[SourceVersionDate "2017.07.12"]
[SourceQuality "1"]

1. e4 e5 2. Nf3 Nc6 3. Bb5 a6 4. Ba4 Nf6 5. O-O Nxe4 6. d4 b5 7. Bb3 d5 8. dxe5
Be6 9. Qe2 Nc5 10. Nc3 Nxb3 11. cxb3 Be7 12. Be3 $5 (12. Rd1 {would transpose
to known theory. Fabiano himself had a first-hand experience with this position
} O-O 13. Be3 Qd7 14. h3 Rad8 15. Rd2 {was Caruana-Giri, Sinquefield Cup 2016})
12... O-O 13. h3 Qd7 14. Rad1 {An attempt to improve on his own play.} f6 $1
15. exf6 Rxf6 16. Ng5 Rd8 17. Rfe1 {This is the idea. The other rook comes in
handy on the e-file.} Rf5 ({Better was} 17... Rg6 18. Nxe6 Qxe6 19. Kh1 Qf5 20.
f4 h5 $1) 18. Nce4 $2 {It's amazing what a bad form can do even to a great
player. Barely a couple of moves out of book, in a position he had played and
studied before, Caruana goes astray.} ({The logical} 18. g4 {would practically
force Black to sac the exchange:} Re5 (18... Rff8 19. Bc1 {will cost Black his
d5-pawn.}) 19. f4 Bxg5 20. fxe5 Be7 {Granted Black isn't dead yet, but how can
White reject this position?}) 18... h6 19. Nxe6 Qxe6 20. Ng3 Re5 {Already
White is the one under pressure.} 21. Qd3 (21. f4 Rxe3 22. Qxe3 Qxe3+ 23. Rxe3
Bc5 {is unneerving, but} 24. Nf5 $1 Rf8 25. Rc1 {seem to hold.}) 21... Bc5 22.
Rc1 Bb6 23. Re2 $2 {When it rains, it pours....} (23. a3 Re8 24. b4 $15) 23...
Nb4 24. Qd2 d4 25. Bf4 Rxe2 26. Nxe2 Nxa2 27. Re1 Re8 28. Kf1 Qxb3 29. Nxd4
Rxe1+ 30. Kxe1 Qa4 31. Nc2 Ba5 32. b4 Nxb4 0-1

[Event "Paris GCT Rapid"]
[Site "Paris"]
[Date "2017.06.22"]
[Round "6"]
[White "Caruana, Fabiano"]
[Black "Bacrot, Etienne"]
[Result "0-1"]
[WhiteElo "2808"]
[BlackElo "2708"]
[Annotator "Yermolinsky,A"]
[PlyCount "90"]
[EventDate "2017.06.21"]
[EventType "tourn (rapid)"]
[EventRounds "9"]
[EventCountry "FRA"]
[EventCategory "22"]
[SourceTitle "CBM 179"]
[Source "ChessBase"]
[SourceDate "2017.07.12"]
[SourceVersion "1"]
[SourceVersionDate "2017.07.12"]
[SourceQuality "1"]

1. c4 e5 2. Nc3 Bb4 3. Nd5 Bc5 4. e3 Nf6 5. b4 Be7 6. Nxe7 Qxe7 7. Bb2 O-O 8.
Nf3 d6 9. d3 b6 10. Be2 Bb7 11. O-O Nbd7 12. Nd2 h6 13. d4 Nh7 14. d5 f5 15. a4
c6 16. dxc6 Bxc6 17. a5 Ndf6 18. b5 Bb7 19. a6 Bc8 20. f4 Re8 21. fxe5 dxe5 22.
Qb3 Ng5 23. Nf3 Nf7 24. Nh4 Ne4 25. Nxf5 Qg5 26. Ng3 Nd2 27. Qc3 Nxf1 28. Rxf1
Bg4 29. Ne4 Qh4 30. Bd3 Be6 31. c5 bxc5 32. Qxc5 Rec8 33. Qb4 Rc4 34. Qb3 Rac8
35. Bxc4 Bxc4 36. Qc2 Be6 37. Qb1 Rb8 38. Nc3 $6 {Once again, a good game gets
spoiled by time trouble.} ({Instead, the inventive} 38. Ba3 $1 {would set up}
Bc4 39. Nf6+ $1 gxf6 40. Qg6+ Kh8 41. Be7 {and White wins.}) 38... Bc4 39. Rf2
Ng5 40. Qf5 Rd8 41. Qxe5 $4 {This is a full point turnaround.} ({White had to
throw in} 41. b6 $1 {The idea becomes visible after} axb6 (41... Be6 42. Qxe5
Qg4 43. Qg3 Qxg3 44. hxg3 axb6 45. Rf1 Ra8 46. Ra1 $16) 42. a7 Be6 43. Qxe5 Qg4
44. Qb8 $1) 41... Qg4 $1 {The twin threats cannot be stopped.} 42. h4 (42. Kh1
Rd1+) 42... Nh3+ 43. Kh2 Nxf2 44. Qe7 Rf8 45. b6 Bf1 0-1

[Event "Paris GCT Rapid"]
[Site "Paris"]
[Date "2017.06.23"]
[Round "9"]
[White "Vachier Lagrave, Maxime"]
[Black "Caruana, Fabiano"]
[Result "1/2-1/2"]
[WhiteElo "2796"]
[BlackElo "2808"]
[PlyCount "92"]
[EventDate "2017.06.21"]
[EventType "tourn (rapid)"]
[EventRounds "9"]
[EventCountry "FRA"]
[EventCategory "22"]
[SourceTitle "CBM 179"]
[Source "ChessBase"]
[SourceDate "2017.07.12"]
[SourceVersion "1"]
[SourceVersionDate "2017.07.12"]
[SourceQuality "1"]
[TimeControl "1500"]

1. e4 {[%emt 0:00:00]} e5 {[%emt 0:00:00]} 2. Nf3 {[%emt 0:00:00]} Nc6 {
[%emt 0:00:00]} 3. Bc4 {[%emt 0:00:00]} Bc5 {[%emt 0:00:00]} 4. c3 {[%emt 0:00:
00]} Nf6 {[%emt 0:00:00]} 5. d3 {[%emt 0:00:00]} d6 {[%emt 0:00:00]} 6. O-O {
[%emt 0:00:00]} a6 {[%emt 0:00:00]} 7. a4 {[%emt 0:00:00]} O-O {[%emt 0:00:00]}
8. Re1 {[%emt 0:00:00]} Be6 {[%emt 0:00:06]} 9. Bxe6 {[%emt 0:00:40]} fxe6 {
[%emt 0:00:00]} 10. b4 {[%emt 0:00:00]} Ba7 {[%emt 0:00:00]} 11. Ra2 {[%emt 0:
00:00]} Ne7 {[%emt 0:00:29]} 12. Nbd2 {[%emt 0:00:32]} Ng6 {[%emt 0:00:12]} 13.
Nf1 {[%emt 0:00:00]} Qd7 {[%emt 0:00:24]} 14. d4 {[%emt 0:00:03]} exd4 {
[%emt 0:01:34]} 15. cxd4 {[%emt 0:00:00]} d5 {[%emt 0:00:05]} 16. e5 {[%emt 0:
00:01]} Ne4 {[%emt 0:00:00]} 17. Qb3 {[%emt 0:00:00]} a5 {[%emt 0:00:16]} 18.
bxa5 {[%emt 0:02:24]} c5 {[%emt 0:00:00]} 19. Ng3 {[%emt 0:00:00]} Nxg3 {
[%emt 0:00:23]} 20. hxg3 {[%emt 0:00:00]} cxd4 {[%emt 0:00:00]} 21. Ba3 {
[%emt 0:00:34]} Rfc8 {[%emt 0:00:49]} 22. Qb5 {[%emt 0:00:36]} Qf7 {[%emt 0:00:
49]} 23. Rd2 {[%emt 0:00:35]} h6 {[%emt 0:02:36]} 24. Bb2 {[%emt 0:00:21]} Rc5
{[%emt 0:00:21]} 25. Qb3 {[%emt 0:00:29]} Rxa5 {[%emt 0:00:00]} 26. Bxd4 {
[%emt 0:00:00]} Qd7 {[%emt 0:02:01]} 27. Qb1 {[%emt 0:00:25]} Ne7 {[%emt 0:00:
38]} 28. Rb2 {[%emt 0:00:00]} Rb8 {[%emt 0:00:00]} 29. Bxa7 {[%emt 0:02:27]}
Rxa7 {[%emt 0:00:00]} 30. Rb6 {[%emt 0:00:00]} Nc6 {[%emt 0:00:21]} 31. Rc1 {
[%emt 0:00:29]} Rf8 {[%emt 0:00:00]} 32. a5 {[%emt 0:01:37]} Nxa5 {[%emt 0:00:
33]} 33. Nd4 {[%emt 0:00:00]} Nc6 {[%emt 0:01:27]} 34. Nxc6 {[%emt 0:00:21]}
bxc6 {[%emt 0:00:00]} 35. Rcxc6 {[%emt 0:00:02]} Qf7 {[%emt 0:00:27]} 36. f4 {
[%emt 0:01:00]} Ra3 {[%emt 0:01:11]} 37. Kf2 {[%emt 0:03:45]} Qa7 {[%emt 0:04:
15]} 38. Qg6 {[%emt 0:01:24]} Qa4 {[%emt 0:01:01]} 39. Kg1 {[%emt 0:02:51]}
Ra1+ {[%emt 0:01:15]} 40. Kh2 {[%emt 0:00:00]} Qd1 {[%emt 0:00:00]} 41. Qxe6+ {
[%emt 0:00:00]} Kh8 {[%emt 0:00:00]} 42. Qxh6+ {[%emt 0:00:00]} gxh6 {[%emt 0:
00:00]} 43. Rxh6+ {[%emt 0:00:00]} Kg7 {[%emt 0:00:00]} 44. Rhg6+ {[%emt 0:00:
00]} Kh7 {[%emt 0:00:00]} 45. Rh6+ {[%emt 0:00:00]} Kg7 {[%emt 0:00:00]} 46.
Rhg6+ Kh7 1/2-1/2